Recuperación de plusvalías urbanas. (Registro nro. 12381)

Detalles MARC
000 -LEADER
longitud fija campo de control 01098nam a22002777a 4500
003 - IDENTIFICADOR DE NUMERO DE CONTROL
control del campo AR-RoUNA
005 - FECHA DE LA ULTIMA MODIFICACION
control del campo 20260408093818.0
008 - CAMPO DE CONTROL - LIBROS
longitud fija campo de control 260408b |||||||| |||| 00| 0 spa d
040 ## - ORIGEN DE LA CATALOGACION
Agencia que cataloga la obra original AR-RoUNA
Idioma en que se cataloga spa
Entidad que modifico el registro AR-RoUNA
041 ## - CODIGO DE IDIOMA
Codigo de idioma del texto / sonido o titulo separado spa
Codigo de idioma de la traduccion original y / o intermedios de texto spa
044 ## - CODIGO DE PAIS / ENTIDAD PRODUCTORA
Codigo MARC del pais ag
110 ## - ASIENTO PRINCIPAL - AUTOR INSTITUCIONAL
Nombre corporativo o de jurisdiccion como elemento de entrada Municipalidad de Rosario - Lincoln Institute of Land Policy - Centro de Estudios Urbanos y Regionales (CEUR)
9 (RLIN) 27668
245 10 - TITULO PROPIAMENTE DICHO
Titulo Recuperación de plusvalías urbanas.
Subtitulo Aspectos conceptuales y gama de instrumentos /
Mencion de responsabilidad, etc compilacion Beatriz Cuenya; Municipalidad de Rosario - Lincoln Institute of Land Policy - Centro de Estudios Urbanos y Regionales (CEUR)
260 ## - EDITORIAL - PUBLICACION, DISTRIBUCION, ETC. (Pie de imprenta)
Lugar de publicacion, distribucion, etc Rosario,(SantaFe, Argentina) :
Nombre del editor, distribuidor, etc Municipalidad de Rosario,
Fecha de publicacion 2009
300 ## - DESCRIPCION FISICA
Extension 40 p.:
Otros detalles fisicos fot. col.,
Dimensiones 30x21 cm
650 #4 - MATERIA - TERMINO TEMATICO
Término temático general Plusvalias urbanas
650 #4 - MATERIA - TERMINO TEMATICO
Término temático general Instrumentos de recuperacion
650 #4 - MATERIA - TERMINO TEMATICO
Término temático general Politicas
General subdivision Programas
650 #4 - MATERIA - TERMINO TEMATICO
Término temático general Valuaciones
650 #4 - MATERIA - TERMINO TEMATICO
Término temático general Tasaciones
908 ## - SOPORTE
Soporte Imp
930 ## - ACCESION
Numero de accesion (NR) 12318
942 ## - FUENTE DE CLASIFICACION
Clasificacion Dewey Decimal Classification
Tipo de item Libro
945 ## - INFORMACION DE PROCESAMIENTO
Codigo del operador MIA
Fecha de ingreso o modificacion 2026-04-08
980 ## - DECLARACIÓN DE EQUIVALENCIA O SERIE DE REFERENCIA CRUZADA - NOMBRE / TÍTULO PERSONAL [LOCAL, CANADÁ]
Código del operador 1
Nombre del operador Maricel Allasia
Código del operador que modifico el registro 1
Nombre del operador que modifico el registro Maricel Allasia
Existencias
Estado retiro Estado perdido Sistema de clasificacion Estado general Restricciones de uso Biblioteca de origen Ubicacion actual Localizacion en estante Fecha de adquisicion Fuente de adquisicion Prestamos totales Signatura y librística Proveedor Numero de ejemplar Tipo de elemento KOHA Nota no publica
Disponible Disponible cdu No dañado Ningun uso de restricciones Arq. Hilarión H. Larguia Arq. Hilarión H. Larguia Ros. Urbanismo 08/04/2026 Don   711.2(821.6.17) R311 18478 ej. 1 Libro  
Disponible Disponible cdu No dañado Ningun uso de restricciones Arq. Hilarión H. Larguia Arq. Hilarión H. Larguia Ros. Urbanismo 08/04/2026 Don   711.2(821.6.17) R311 18480 ej. 2 Libro